000 00256nam a2200109Ia 4500
008 200302s9999 xx 000 0 und d
100 _aAndrew Hall
245 _a21St Century Bars
260 _bImages Publishing, Austraila
260 _c2010
300 _a240 P
999 _c4532
_d4532